Síťový operační systém FreeBSD : Podrobný pruvodce
Salvato in:
| Autore principale: | |
|---|---|
| Natura: | Libro |
| Lingua: | ceco |
| Pubblicazione: |
Brno :
Computer Press,
2003
|
| Soggetti: | |
| Tags: |
Nessun Tag, puoi essere il primo ad aggiungerne!!
|
MARC
| LEADER | 00000nam a22000003a 4500 | ||
|---|---|---|---|
| 001 | stu80929 | ||
| 005 | 20200914123827.0 | ||
| 008 | 030611s2003------------------------cze-d | ||
| 020 | |a 8072267957 | ||
| 040 | |a STU |b slo | ||
| 041 | 0 | |a cze | |
| 080 | |a 681.32.06 | ||
| 100 | 1 | |a Lucas, Michael |4 aut | |
| 245 | 1 | |a Síťový operační systém FreeBSD : |b Podrobný pruvodce | |
| 260 | |a Brno : |b Computer Press, |c 2003 | ||
| 300 | |a 591 s |c inštalačné CD | ||
| 650 | 7 | |a počítačové programy |2 stusub | |
| 996 | |b 284AU00002 |c A*3897 U |l AAKNAR |s A |a 24 |w stu80929_0001 | ||
| 996 | |b 284EK89065 |c E*89065 |l EE33 |s P |a 0 |w stu80929_0002 | ||